Statistiques concernant Les Amoureux des bancs publics - paroles

Cliquez ici pour prendre le quiz!

Statistiques générales

  • Ce quiz a été pris 27 fois
  • Le résultat moyen est 200 sur 295

Statistiques - réponses

paroles% Correct
à
100%
amour
100%
amoureux
100%
bancs
100%
le
100%
Le
100%
les
100%
Les
100%
publics (x3)
100%
s'
100%
sur
100%
sûr
100%
d'
96%
de
96%
Des
96%
des
96%
Qu'
96%
qui
96%
se
96%
88%
la
88%
on
88%
bien
84%
du
84%
En
84%
en
84%
petites
84%
sympathiques
84%
Ils
80%
ils
80%
ont
80%
Ont
80%
s'bécotent
80%
un
80%
pas
76%
regard
76%
son
76%
gueules
72%
je
72%
mal
72%
ces
68%
honnêtes
68%
leur
68%
oblique
68%
par
68%
Que
68%
que
68%
Sont
68%
sont
68%
elle
64%
Elle
64%
Et
64%
eux
64%
Mais
64%
passants
64%
pour
64%
Pour
64%
Quand
64%
quand
64%
une
64%
comme
60%
dans
60%
gens
60%
main
60%
ou
60%
s'foutant
60%
au
56%
car
56%
c'est
52%
qu'c'est
52%
t'aime
52%
temps
52%
tiennent
52%
pathétiques
48%
amours
44%
débutants
44%
faits
44%
leurs
44%
parlent
44%
premier
44%
s'disant
44%
toute
44%
chambre
40%
fille
40%
lui
40%
quelques
40%
voient
40%
accueillir
36%
bébé
36%
coucher
36%
fils
36%
lendemain
36%
mère
36%
murs
36%
père
36%
Saint
36%
ventripotents
36%
voit
36%
beaux
32%
Esprit
32%
fameux
32%
famille
32%
notoire
32%
papier
32%
travers
32%
vérité
32%
absurdité
28%
bleu
28%
chemin
28%
choisissent
28%
cousant
28%
croise
28%
fumant
28%
machin
28%
malappris
28%
meilleur
28%
passé
28%
pensent
28%
prénoms
28%
propos
28%
sainte
28%
trottoirs
28%
vécu
28%
venimeux
28%
verts
28%
azur
24%
deux
24%
impotents
24%
N'empêche
24%
nuages
24%
pouvoir
24%
revêtiront
24%
s'conduire
24%
seront
24%
Voudrait
24%
apercevront
20%
bien-être
20%
ciel
20%
décoche
20%
hardiment
20%
mois
20%
morceau
20%
rues
20%
apaisés
16%
auront
16%
couvrira
16%
déjà
16%
flambants
16%
gros
16%
hasard
16%
lourds
16%
rêves
16%
doucement
12%
émus
12%

Distribution des résultats

Percentile par nombre de réponses

% des personnes avec chaque résultat

Votre développement - résultats

Vous n’avez pas pris ce quiz